Farm building construction. (Record no. 90305)

MARC details
000 -LEADER
fixed length control field 00811cam a2200241 4500
008 - FIXED-LENGTH DATA ELEMENTS--GENERAL INFORMATION
fixed length control field 090401t1991 xxu||||| |||| 00| 0 eng d
020 ## - INTERNATIONAL STANDARD BOOK NUMBER
International Standard Book Number 085236234X
035 ## - SYSTEM CONTROL NUMBER
System control number (Sirsi) u36503
041 ## - LANGUAGE CODE
Language code of text/sound track or separate title eng
050 ## - LIBRARY OF CONGRESS CALL NUMBER
Classification number 631.2
100 ## - MAIN ENTRY--PERSONAL NAME
Personal name Barnes, Maurice
245 ## - TITLE STATEMENT
Title Farm building construction.
250 ## - EDITION STATEMENT
Edition statement 2nd ed.
260 ## - PUBLICATION, DISTRIBUTION, ETC.
Place of publication, distribution, etc. Ipswich
Name of publisher, distributor, etc. Farming Press Limited
Date of publication, distribution, etc. 1991
300 ## - PHYSICAL DESCRIPTION
Extent 222p. : ill. ; 25cm.
350 ## - PRICE (NR) (BK AM CF MU VM SE) [OBSOLETE]
Price 0
520 ## - SUMMARY, ETC.
Summary, etc. Second edition of a practical guide for farmers contemplating building, whether DIY or by employing contractors. Covers all aspects of farm building from planning, levelling and excavating to electrical installations, water supply and roads.
650 ## - SUBJECT ADDED ENTRY--TOPICAL TERM
Topical term or geographic name entry element FARM BUILDINGS
690 ## - LOCAL SUBJECT ADDED ENTRY--TOPICAL TERM (OCLC, RLIN)
Topical term or geographic name as entry element RURAL PRACTICE
700 ## - ADDED ENTRY--PERSONAL NAME
Personal name Mander, Clive
942 ## - ADDED ENTRY ELEMENTS (KOHA)
Suppress in OPAC 0
948 ## - LOCAL PROCESSING INFORMATION (OCLC); SERIES PART DESIGNATOR (RLIN)
c (OCLC) 04/03/1997
Holdings
Withdrawn status Lost status Source of classification or shelving scheme Damaged status Not for loan Home library Current library Shelving location Date acquired Total Checkouts Full call number Barcode Date last seen Date last checked out Copy number Price effective from Koha item type
    Dewey Decimal Classification     London London Books 09/04/1992 6 631.2 30032620 06/08/2019 25/02/2004 1 06/08/2019 Book